|
|
|
|
| LEADER |
02111nam a22003854a 4500 |
| 001 |
EBC269948 |
| 003 |
MiAaPQ |
| 005 |
20200520144314.0 |
| 006 |
m o d | |
| 007 |
cr cn||||||||| |
| 008 |
050411s2006 mau s 001 0 eng |
| 010 |
|
|
|z 2005009792
|
| 020 |
|
|
|z 0750678038 (pbk.)
|
| 035 |
|
|
|a (MiAaPQ)EBC269948
|
| 035 |
|
|
|a (Au-PeEL)EBL269948
|
| 035 |
|
|
|a (CaPaEBR)ebr10138717
|
| 035 |
|
|
|a (CaONFJC)MIL63127
|
| 035 |
|
|
|a (OCoLC)437172624
|
| 040 |
|
|
|a MiAaPQ
|c MiAaPQ
|d MiAaPQ
|
| 050 |
|
4 |
|a HV8290
|b .R656 2006
|
| 082 |
0 |
4 |
|a 363.28
|2 22
|
| 100 |
1 |
|
|a Roper, C. A.
|q (Carl A.)
|
| 245 |
1 |
0 |
|a Security education, awareness, and training
|h [electronic resource] :
|b from theory to practice /
|c Carl Roper, Joseph Grau, Lynn Fischer.
|
| 260 |
|
|
|a Burlington, MA :
|b Elsevier Butterworth-Heinemann,
|c c2006.
|
| 300 |
|
|
|a xii, 387 p.
|
| 500 |
|
|
|a Includes index.
|
| 505 |
0 |
|
|a Security programs, security education and this book -- Starting with some basics -- Goals, objectives and a model -- Performance problem-solving: figuring out what's going on -- Security education and the "employment life-cycle" -- Motivation: getting people to do things -- Motivation: some theories with practical applications -- Planning an awareness program -- Promoting an informed awareness: program implementation -- Practical exercise promoting an informed awareness -- Training and education: going one step beyond -- Planning to train: reader exercise -- Moving security education into the work environment -- How not to train: a common-sense alternative -- Evaluating security education programs -- Security education in the electronic age.
|
| 533 |
|
|
|a Electronic reproduction. Ann Arbor, MI : ProQuest, 2015. Available via World Wide Web. Access may be limited to ProQuest affiliated libraries.
|
| 650 |
|
0 |
|a Security systems.
|
| 650 |
|
0 |
|a Private security services.
|
| 655 |
|
4 |
|a Electronic books.
|
| 700 |
1 |
|
|a Grau, Joseph J.
|
| 700 |
1 |
|
|a Fischer, Lynn F.
|
| 710 |
2 |
|
|a ProQuest (Firm)
|
| 856 |
4 |
0 |
|u https://ebookcentral.proquest.com/lib/matrademy/detail.action?docID=269948
|z Click to View
|